000
00313nam a2200133Ia 4500
008
191201s2008 xx 000 0 und d
082
_a
005.26
_b
BRI
100
_a
Brey, Barry B.
245
0
_a
Intel Microprocessors
260
_a
N.Delhi
_b
PHI
_c
2008
300
_a
900
650
_a
B.Tech(ECE)
942
_2
ddc
_c
BK
_0
1
999
_c
3472
_d
3472